Global financial crisis : (Record no. 90150)

MARC details
000 -LEADER
fixed length control field 00611nam a22001937a 4500
005 - DATE AND TIME OF LATEST TRANSACTION
control field 20141124111500.0
010 ## - LCCN (DPL NO)
LC control number ENG-111287
020 ## - INTERNATIONAL STANDARD BOOK NUMBER
International Standard Book Number 9789380261669
Terms of availability 750.00
035 ## - SYSTEM CONTROL NUMBER
System control number EN-94819
037 ## - SOURCE OF ACQUISITION
Source of stock number/acquisition DBAD/PUB
082 ## - DEWEY DECIMAL CLASSIFICATION NUMBER
Classification number 330.9
245 ## - TITLE STATEMENT
Title Global financial crisis :
Statement of responsibility, etc edited by M. N. Bhattacharjee...[et al]
Remainder of title implications and repercussions /
260 ## - PUBLICATION, DISTRIBUTION, ETC. (IMPRINT)
Place of publication, distribution, etc Guwahati
Name of publisher, distributor, etc EBH Publishers
Date of publication, distribution, etc 2012
270 ## - ADDRESS
Address 136, M.L. Nehru Road, Panbazar
City Guwahati
Postal code 781001
300 ## - PHYSICAL DESCRIPTION
Extent xx, 236p.
Dimensions 23cm(Hb)
500 ## - GENERAL NOTE
General note Includes index
700 ## - ADDED ENTRY--PERSONAL NAME
Personal name Bhattacharjee, M. N.
942 ## - ADDED ENTRY ELEMENTS (KOHA)
Source of classification or shelving scheme Dewey Decimal Classification
Item type English Books
Call number suffix GLO
Classification part 330.9
Holdings
Withdrawn status Lost status Not for loan Collection code Home library Current library Date acquired Source of acquisition Cost, normal purchase price Full call number Barcode Copy number Cost, replacement price Koha item type
    Not For Loan Non-fiction D.B.Act.Division D.B.Act.Division 19/11/2014 DBAD/PUB 750.00 330.9 GLO EN-94819 1 750.00 English Books

© Delhi Public Library
Hit Counter
free hit counter